Keeping Keys Secret in Physically Accessible Hosts / (Record no. 526757)

000 -LEADER
fixed length control field 00622nam a22002057a 4500
003 - CONTROL NUMBER IDENTIFIER
control field NUST
005 - DATE AND TIME OF LATEST TRANSACTION
control field 20220825114754.0
008 - FIXED-LENGTH DATA ELEMENTS--GENERAL INFORMATION
fixed length control field 190716b ||||| |||| 00| 0 eng d
038 ## - RECORD CONTENT LICENSOR
Staff Name Mr. Zahoor
082 ## - DEWEY DECIMAL CLASSIFICATION NUMBER
Classification number 005
100 ## - MAIN ENTRY--PERSONAL NAME
Personal name Azhar, Irfan.
9 (RLIN) 17755
245 ## - TITLE STATEMENT
Title Keeping Keys Secret in Physically Accessible Hosts /
Statement of responsibility, etc. Irfan Azhar
260 ## - PUBLICATION, DISTRIBUTION, ETC.
Place of publication, distribution, etc. Islambad :
Name of publisher, distributor, etc. SEECS - NUST,
Date of publication, distribution, etc. 2015.
300 ## - PHYSICAL DESCRIPTION
Extent x, 104 p. : ill. ;
Dimensions 30cm.
500 ## - GENERAL NOTE
General note Hard cover.
650 ## - SUBJECT ADDED ENTRY--TOPICAL TERM
Topical term or geographic name entry element CCS - MS Thesis
9 (RLIN) 17756
700 ## - ADDED ENTRY--PERSONAL NAME
Personal name Dr. Muhammad Awais Shibli
9 (RLIN) 17757
856 ## - ELECTRONIC LOCATION AND ACCESS
Uniform Resource Identifier <a href="http://10.250.8.41:8080/xmlui/handle/123456789/6667">http://10.250.8.41:8080/xmlui/handle/123456789/6667</a>
942 ## - ADDED ENTRY ELEMENTS (KOHA)
Source of classification or shelving scheme
Koha item type Thesis
Holdings
Withdrawn status Lost status Source of classification or shelving scheme Damaged status Not for loan Permanent Location Current Location Shelving location Date acquired Full call number Barcode Date last seen Price effective from Koha item type
          Central Library (CL) Central Library (CL) Thesis 07/16/2019 005 CL-T-2586 07/17/2019 07/16/2019 Thesis
© 2023 Central Library, National University of Sciences and Technology. All Rights Reserved.